Revista Latinoamericana de Ciencias Sociales, Nięz y Juventud

Detalles Bibliográficos
Formato: Revista
Lenguaje:español
Publicado: Manizales : Hčtor Fabio Ospina Serna, 2003-
Materias:
Acceso en línea:http://www.vlex.com/source/7242

MARC

LEADER 00000nas a22000007a 4500
005 20130322095615.0
007 cr|||| ||||
008 130322c20039999xxufr|p s|||| 0|||b1spa d
022 |a 1692715X  
035 |a 7242 
040 |a vLex 
090 |c 3988  |d 3988 
245 0 0 |a Revista Latinoamericana de Ciencias Sociales, Nięz y Juventud  |h [Recurso electrn̤ico]  
256 |a Servicio en ln̕ea 
260 |a Manizales :  |b Hčtor Fabio Ospina Serna,   |c 2003- 
300 |a 1 Recurso electrn̤ico 
506 |d vLex Global  |d vLex Global (Academic Edition, excluding Law Schools)  |d vLex Global (U.S. Academic Edition, Law Schools)  |d vLex Global (U.S. Academic Edition, excluding Law Schools)  |d vLex Global (Academic Edition, Law Schools) 
650 0 4 |a Pedagoga̕  |v Revistas 
650 0 4 |a Ciencias sociales  |v Revistas 
650 0 4 |a Infancia  |v Revistas 
740 |a vLex Revistas (Servicio en ln̕ea) 
856 |a Acceso restringido  |u http://www.vlex.com/source/7242 
942 |c REV 
999 0 |a Education